| 000 | 02806nam a2200217Ia 4500 | ||
|---|---|---|---|
| 003 | OSt | ||
| 005 | 20210913103353.0 | ||
| 008 | 210310s2000 ck ao fr 100 0 spa d | ||
| 040 |
_aCO-JMCR _cCO-JMCR |
||
| 041 | 0 | _aspa | |
| 082 | 0 | 4 |
_a338.98 / _bS471m _223 |
| 111 | 2 |
_aSeminario Internacional de Modernización Social. _d(1999 : _cMedellín) _940255 |
|
| 245 | 1 | 0 |
_aMemorias Macroeconomía para la equidad / _cIII Seminario Internacional de Modernización Social COMFAMA, Medellín, Nov., 10-11, 1999 |
| 260 |
_aMedellín : _bCOMFAMA, _c2000 |
||
| 300 |
_a251 páginas : _bilustraciones y fotografías a blanco y negro ; _c27 cm. |
||
| 505 | 0 |
_t¿Es hoy mejor el nivel de vida de los ciudadanos del mundo? / _rCarlos Posada Uribe _tLas Cajas y su aporte a la equidad / _rAmaury García Burgos _tAmérica Latina y los modelos económicos de desarrollo / _rElena Martinez _tLa sombra del derecho es la equidad / _rBelisario Betancur Cuartas _tLa cultura, los valores y la ética / _rGabriel Valdés Subercaseaux _tAnálisis comparado de los efectos de la globalización en el Estado de Bienestar / _rHans Juergen Roesner _tLas políticas económicas y la equidad. La experiencia Latinoamericana" La experiencia chilena. / _rEugenio Ortega _tLas políticas económicas y la equidad. La experiencia Latinoamericana" La experiencia boliviana / _rHorst Grebe Lopez _tEl impacto de las reformas sobre la equidad en América Latina / _rSamuel Morley _tResponsabilidad social del empresariado / _rDaniel J. Gertsacov _tLa equidad como derecho ciudadano a la felicidad / _rMaria Inés Restrepo de Arango _tLos aspectos políticos de la equidad / _rAlfredo Barnechea _tLa política económica en la distribución del ingreso / _rEduardo Sarmiento Palacio _tPerspectivas de la equidad en Colombia" La actual política económica colombiana / _rRafael Vilareal Cifuentes Robledo _tEscuchar el llamado de la equidad / _rRicardo Correa _tDemocracia y responsabilidad ciudadana. / _rJuan Manuel Ospina Restrepo _tLa construcción de la paz es la más importante empresa / _rNicanor Restrepo Santamaria _tLos trabajadores colombianos frente a la crisis / _rHéctor Fajardo Abril _tLa injusticia como obstáculo de la equidad / _rMario de J Valderrama _tEduardo Sarmiento Palacio / _rSamuel Morley, Hans Juergen Roesner y Daniel J Gertsacov _tLa equidad es la base del desarrollo humano / _rFrancesco Vincenti _tNuestro compromiso es con las mayorías / _rMaria Inés Restrepo de Arango _tDos días para repensar la Equidad Testimonio Visual |
|
| 650 | 1 | 4 |
_aEquidad económica _917694 _vEnsayos, conferencias, etc. _zAmérica Latina |
| 650 | 2 | 4 |
_aMacroeconomía _vEnsayos, conferencias, etc. _zAmérica Latina _940256 |
| 650 | 2 | 4 |
_aEquidad económica _vCongresos, conferencias, etc. _zColombia _940257 |
| 942 |
_2ddc _cBK |
||
| 999 |
_c8582 _d8582 |
||